Breve historia del teatro latinoamericano
Gardado en:
| Autor Principal: | |
|---|---|
| Formato: | Libro |
| Idioma: | Lingua castelá |
| Publicado: |
Ciudad de México
De Andrea
1956
|
| Series: | Manuales Studium, 5
|
| Subjects: | |
| Tags: |
Engadir etiqueta
Sen Etiquetas, Sexa o primeiro en etiquetar este rexistro!
|
MARC
| LEADER | 00000nam a2200000 a 4500 | ||
|---|---|---|---|
| 001 | UCT8520 | ||
| 003 | CL-VaPUC | ||
| 008 | 970326e19560000MX |||||||||||||||||spa|d | ||
| 082 | 0 | 4 | |a H862.09 |b KNA |2 21 |
| 100 | 0 | |a Knapp Jones, Willis |e author |9 380261 | |
| 245 | 1 | 0 | |a Breve historia del teatro latinoamericano |
| 300 | |a 239 p | ||
| 942 | |c BK | ||
| 945 | |d 19970326 00:00:00 |a rleighto | ||
| 260 | |a Ciudad de México |b De Andrea |c 1956 | ||
| 650 | 7 | |a TEATRO LATINOAMERICANO |2 CL-VaPUC |9 375568 | |
| 650 | 0 | |a Teatro argentino |9 330190 | |
| 650 | 0 | |a Teatro mexicano |9 371976 | |
| 650 | 7 | |a TEATRO PARAGUAYO |2 CL-VaPUC |9 380262 | |
| 650 | 0 | |a Teatro chileno |9 266701 | |
| 650 | 7 | |a TEATRO PERUANO |2 CL-VaPUC |9 380263 | |
| 650 | 7 | |a TEATRO ECUATORIANO |2 CL-VaPUC |9 318729 | |
| 650 | 0 | |a Crítica literaria |9 269189 | |
| 650 | 0 | |a Historia y crítica |9 257407 | |
| 583 | |a last modification |c 19970326 00:00:00 |k Rodrigo Vera | ||
| 490 | 0 | |a Manuales Studium, 5 | |
| 999 | |c 257012 |d 257010 | ||
| 952 | |0 0 |1 0 |4 0 |6 H_862_090000000000000_KNA_1956 |7 0 |8 A |9 280217 |a FDOPOS |b FDOPOS |d 2019-11-19 |i 3296598 |o H862.09 KNA 1956 |p 3296598 |r 2025-01-22 |w 2019-11-19 |y BK |k MLH | ||